Statistiques concernant Départements français par image n°4

Cliquez ici pour prendre le quiz!

Statistiques générales

  • Ce quiz a été pris 91 fois
  • Le résultat moyen est 7 sur 15

Statistiques - réponses

Réponse% Correct
Manche
94%
Alpes-maritimes
86%
Finistère
75%
Loire-Atlantique
72%
Hauts-de-Seine
60%
Lot
52%
Haute-Loire
47%
Saint-Pierre-et-Miquelon
45%
Pyrénées-orientales
39%
Mayotte
29%
Saône-et-Loire
25%
Doubs
12%
Loiret
11%
Creuse
8%
Moselle
5%

Distribution des résultats

Percentile par nombre de réponses

% des personnes avec chaque résultat

Votre développement - résultats

Vous n’avez pas pris ce quiz